Matematika a kísérleti kilencéves alapiskolák 4. osztálya számára (Módszertani szöveg.) ; Jan Melichar... [et al.] ; fordító: Vilmos Jeszenkovits

Bibliographic Details
Main Authors: Melichar, Jan, 1940-2022 (Author), Kabele, Jiří, 1906-1983 (Author), Janků, Marie (Author), Bělík, Miroslav, 1929- (Author), Červinka, Miroslav (RNDr., CSc.) (Author)
Other Authors: Jeszenkovits, Vilmos (Translator)
Format: Book
Language:Hungarian
Czech
PhysicalDescription:148 s. sch., tab. 29 cm
Published: Bratislava Slovenské pedagogické nakladateľstvo 1978
Edition:1. kiad.
Subjects:

MARC

LEADER 00000cam a2200000 a 4500
001 vtls001112907
003 SK-MaSNL
005 20260301142054.0
008 250313s1978 xo l grf 00000 hun
015 |a SNBA1978 
035 |a SNK000055750 
035 |a urn:nbn:sk:snk-aml93g 
035 |a urn:nbn:sk:snk-am008rxs 
035 |a D0B25799-630E-4364-B424-184A4342014E 
040 |a SNK  |b slo  |c SNK  |e AACR2 
041 1 |a hun  |h cze 
044 |a xo  |c SK 
080 |a 511+514:372.47(076.5)(024)=945.11  |2 1981 
080 |a 514  |2 1981 
080 |a 372.47(076.5)(024)=945.11  |2 1981 
080 |a 372.47  |2 1981 
080 |a 511  |2 1981 
080 |a 514(076.5)(024)=945.11  |2 1981 
130 0 |a Matematika pre 4. ročník ZDŠ experimentálnych s vyučovacím jazykom maďarským  |l Maďarsky  |9 497104 
245 0 0 |a Matematika a kísérleti kilencéves alapiskolák 4. osztálya számára  |b (Módszertani szöveg.) ; Jan Melichar... [et al.] ; fordító: Vilmos Jeszenkovits 
250 |a 1. kiad. 
260 |a Bratislava  |b Slovenské pedagogické nakladateľstvo  |c 1978 
300 |a 148 s.  |b sch., tab.  |c 29 cm 
366 |e 1000 výt. 
500 |a Súbež. náz. a podnáz. slov. 
650 0 7 |a matematika  |2 SNKPH  |9 70174 
650 0 7 |a experimentálne základné školy  |2 SNKPH  |9 428410 
655 7 |a metodické príručky  |2 SNKPH  |9 70250 
700 1 |a Melichar, Jan,  |d 1940-2022  |4 aut  |9 87552 
700 1 |a Kabele, Jiří,  |d 1906-1983  |4 aut  |9 106737 
700 1 |a Janků, Marie  |4 aut  |9 44570 
700 1 |a Bělík, Miroslav,  |d 1929-  |4 aut  |9 42810 
700 1 |a Červinka, Miroslav  |c (RNDr., CSc.)  |4 aut  |9 43288 
700 1 |a Jeszenkovits, Vilmos  |4 trl  |9 279890 
852 |a Slovenská národná knižnica 
958 |a OND 
958 |a TL 
958 |a OP 
958 |a HU 
999 |c 769049  |d 770979 
952 |a SNK  |b SNK  |y PREZ  |7 0  |p 17A0968661  |o snkSB 26761  |i snkKSP 4269/78  |0 0  |1 0  |4 0  |d 2014-07-10  |f 1  |l 0  |r 2026-02-24 00:29:43  |w 2026-02-24